| 000 | 00531cam a2200181 4500 | ||
|---|---|---|---|
| 020 | _a0030845041 | ||
| 040 | _cDLC | ||
| 082 | 0 | 0 | _a512 HOL 1971 A008 Or. |
| 100 | 1 | _aCameron, Edward A. | |
| 245 | 1 | 0 | _aAlgebra and trigonometry, with analytic geometry |
| 250 | _a3d ed. | ||
| 260 |
_aNew York, _bHolt, Rinehart and Winston _c[1971] |
||
| 300 |
_axiv, 463 p. _billus. _c24 cm. |
||
| 500 | _a1960 and 1965 editions published under title: Algebra and trigonometry. | ||
| 650 | 0 | _aAlgebra. | |
| 650 | 0 | _aTrigonometry. | |
| 942 | _cEK | ||
| 999 |
_c17105 _d17105 |
||